[Event "TCh-RUS Women 2015"]
[Site "Sochi RUS"]
[Date "2015.05.05"]
[Round "5.4"]
[Board "1"]
[White "Travkina, Anastasia"]
[Black "Utiatskaja, Irina"]
[Result "0-1"]
[WhiteTitle "WFM"]
[BlackTitle "WFM"]
[WhiteElo "2225"]
[BlackElo "2114"]
[WhiteTeam "Donchanka (Rostov region)"]
[BlackTeam "Academy GM IV Glek (Moscow)"]
[WhiteFideId "24129151"]
[BlackFideId "24140848"]
[EventDate "2015.05.01"]

1. e4 c5 2. Nf3 d6 3. d4 cxd4 4. Nxd4 Nf6 5. Nc3 a6 6. h3 e5 7. Nde2 h5 8. Bg5
Be7 9. g3 Nbd7 10. Bg2 b5 11. Bxf6 Nxf6 12. a4 b4 13. Nd5 Nxd5 14. Qxd5 Be6 15.
Qd2 a5 16. O-O h4 17. g4 Bc4 18. Rfd1 Rb8 19. b3 Be6 20. c4 bxc3 21. Nxc3 Rxb3
22. Nd5 O-O 23. Nxe7+ Qxe7 24. Qxd6 Qxd6 25. Rxd6 Rc8 26. Ra6 Rc5 27. Bf1 Kh7
28. Ra7 Kg6 29. Kg2 Kg5 30. Bb5 Rcc3 31. Rh1 Kf4 32. Be8 f6 33. Bf7 Bxf7 34.
Rxf7 Kxe4 35. Rxg7 Ra3 36. Rh7 Rxa4 37. Rh6 f5 38. Re1+ Kd5 39. gxf5 Rf4 40. Ra6
Ra3 41. Re3 Rxe3 42. Rxa5+ Ke4 43. fxe3 Rxf5 44. Ra3 Rf8 45. Rb3 Rd8 46. Rb4+
Kxe3 47. Rxh4 e4 48. Rg4 Kd3 49. Kf2 e3+ 50. Ke1 Rb8 51. Kf1 e2+ 0-1

[Event "TCh-RUS Women 2015"]
[Site "Sochi RUS"]
[Date "2015.05.05"]
[Round "5.4"]
[Board "2"]
[White "Alieva, Alexandra"]
[Black "Sukhareva, Evgeniya"]
[Result "0-1"]
[WhiteElo "1994"]
[BlackElo "2169"]
[WhiteTeam "Academy GM IV Glek (Moscow)"]
[BlackTeam "Donchanka (Rostov region)"]
[WhiteFideId "24133353"]
[BlackFideId "4167155"]
[EventDate "2015.05.01"]

1. e4 c5 2. Nf3 a6 3. c3 d5 4. exd5 Qxd5 5. Na3 e6 6. Nc4 Nd7 7. d4 cxd4 8. cxd4
Ngf6 9. Be2 Bb4+ 10. Bd2 Bxd2+ 11. Qxd2 O-O 12. O-O Rb8 13. Nfe5 Nxe5 14. dxe5
Qxd2 15. Nxd2 Nd5 16. Nc4 Bd7 17. Rfd1 Rfd8 18. Bf3 Ne7 19. Na5 Bc6 20. Rxd8+
Rxd8 21. Nxb7 Rb8 22. Bxc6 Nxc6 23. Rc1 Nxe5 24. b3 Nd3 25. Rc4 g6 26. Nc5 Nb4
27. a3 Nd5 28. Ra4 Nc7 29. Nxa6 Rxb3 30. g3 Nb5 31. Rb4 Rxa3 32. Rxb5 Rxa6 33.
h4 h5 34. Kg2 Kg7 35. Rb7 Ra3 36. Rc7 Kf8 37. Rb7 Ke8 38. Rc7 Rd3 39. Ra7 Rd7
40. Ra2 Ke7 41. Ra3 e5 42. Ra6 Rd6 43. Ra4 f5 44. Ra5 Kf6 45. Rb5 e4 46. Ra5 g5
47. hxg5+ Kxg5 48. Ra2 h4 49. gxh4+ Kxh4 50. Ra4 Kg5 51. Ra5 Kf4 52. Rb5 Rd2 53.
Kf1 Kg4 54. Rb4 Kf3 55. Rb3+ Rd3 56. Rb1 f4 57. Ke1 Ra3 58. Kf1 Ra2 59. Rb3+ e3 0-1

[Event "TCh-RUS Women 2015"]
[Site "Sochi RUS"]
[Date "2015.05.05"]
[Round "5.4"]
[Board "3"]
[White "Petrova, Olga"]
[Black "Leolko, Ludmila"]
[Result "0-1"]
[WhiteElo "2176"]
[BlackElo "1902"]
[WhiteTeam "Donchanka (Rostov region)"]
[BlackTeam "Academy GM IV Glek (Moscow)"]
[WhiteFideId "24117196"]
[BlackFideId "24179060"]
[EventDate "2015.05.01"]

1. e4 c5 2. Nf3 d6 3. d4 cxd4 4. Nxd4 Nf6 5. Nc3 g6 6. Be2 Bg7 7. O-O O-O 8. Re1
Nc6 9. Nb3 Be6 10. Bf1 d5 11. Nc5 Qb6 12. N3a4 Qc7 13. Nxe6 fxe6 14. Bd3 Rad8
15. f3 dxe4 16. fxe4 Ne5 17. Bf4 Nh5 18. Be3 Nc4 19. Kh1 b5 20. Qg4 Nxe3 21.
Qxe6+ Kh8 22. Bxb5 Nxg2 23. Rf1 Ngf4 24. Qb3 Rd2 25. Rad1 Qxc2 26. Qxc2 Rxc2 27.
Rd7 Rfc8 28. Rxa7 R2c7 29. Rxc7 Rxc7 30. Rd1 Be5 31. b4 Rb7 32. Bf1 Rxb4 33. Nc5
Bd6 34. a3 Rb2 35. Rc1 Ra2 36. a4 Bxc5 37. Rxc5 Rxa4 38. e5 Ra1 39. Kg1 Nh3+ 40.
Kg2 N5f4+ 0-1

[Event "TCh-RUS Women 2015"]
[Site "Sochi RUS"]
[Date "2015.05.05"]
[Round "5.4"]
[Board "4"]
[White "Komissarova, Oksana"]
[Black "Kim, Yana"]
[Result "0-1"]
[BlackTitle "WFM"]
[WhiteElo "1975"]
[BlackElo "2125"]
[WhiteTeam "Academy GM IV Glek (Moscow)"]
[BlackTeam "Donchanka (Rostov region)"]
[WhiteFideId "24160733"]
[BlackFideId "24133167"]
[EventDate "2015.05.01"]

1. e4 c5 2. Nf3 Nc6 3. d4 cxd4 4. Nxd4 g6 5. Nc3 Bg7 6. Be3 Nf6 7. Nxc6 bxc6 8.
e5 Ng8 9. Bd4 f6 10. f4 d6 11. Bc4 d5 12. Bb3 Nh6 13. exf6 exf6 14. Bc5 Be6 15.
Qe2 Kf7 16. O-O-O Re8 17. Qa6 Qc7 18. g3 Bf8 19. Bxf8 Kxf8 20. Rhe1 Bg4 21.
Rxe8+ Rxe8 22. Rf1 Qe7 23. Qd3 Nf5 24. Ba4 d4 25. Bxc6 dxc3 26. Bxe8 cxb2+ 27.
Kxb2 Be2 28. Qb3 Bxf1 29. Bc6 Qd6 30. Qb7 Qd4+ 31. Kb1 Qb6+ 32. Kc1 Qxb7 33.
Bxb7 Bc4 34. Kb2 Ke7 35. a4 Kd6 36. Kc3 0-1

[Event "TCh-RUS Women 2015"]
[Site "Sochi RUS"]
[Date "2015.05.05"]
[Round "5.5"]
[Board "1"]
[White "Sergeeva, Natalia"]
[Black "Ambartsumova, Karina"]
[Result "0-1"]
[BlackTitle "WGM"]
[WhiteElo "2079"]
[BlackElo "2346"]
[WhiteTeam "Kuban (Krasnodar region)"]
[BlackTeam "Rook (Kazan)"]
[WhiteFideId "4117743"]
[BlackFideId "4166299"]
[EventDate "2015.05.01"]

1. e4 c5 2. Nf3 e6 3. d4 cxd4 4. Nxd4 Nc6 5. Be3 Qc7 6. Nc3 a6 7. f4 d6 8. Qf3
Bd7 9. O-O-O Nf6 10. h3 Rc8 11. Kb1 b5 12. Bd3 Be7 13. g4 g6 14. g5 Nh5 15. f5
Ne5 16. Qf2 b4 17. Nce2 Qb7 18. Nc1 a5 19. f6 Bd8 20. Nf3 Nxd3 21. cxd3 a4 22.
Rd2 b3 23. a3 Ba5 24. Re2 e5 25. Nd2 Bb5 26. Ka1 O-O 27. Rd1 Rc2 28. Nf1 Rfc8
29. Ng3 Nxg3 30. Qxg3 Bc3 31. bxc3 b2+ 32. Kb1 bxc1=Q+ 0-1

[Event "TCh-RUS Women 2015"]
[Site "Sochi RUS"]
[Date "2015.05.05"]
[Round "5.5"]
[Board "2"]
[White "Markelova, Lubov"]
[Black "Yakimenko, Viktoria"]
[Result "1-0"]
[WhiteTitle "WFM"]
[WhiteElo "2089"]
[BlackElo "2092"]
[WhiteTeam "Rook (Kazan)"]
[BlackTeam "Kuban (Krasnodar region)"]
[WhiteFideId "24131369"]
[BlackFideId "24174998"]
[EventDate "2015.05.01"]

1. Nf3 Nf6 2. c4 g6 3. Nc3 Bg7 4. e4 d6 5. d4 O-O 6. Be2 Nbd7 7. O-O e5 8. d5 h6
9. Ne1 Qe7 10. Nd3 Nb6 11. b3 c5 12. dxc6 bxc6 13. c5 dxc5 14. Ba3 Nfd7 15. Qc2
Re8 16. Nb2 Nf8 17. Nca4 Ne6 18. Bxc5 Qc7 19. Be3 Nd4 20. Qd2 Rd8 21. Bd3 Kh7
22. Nc5 f5 23. f3 f4 24. Bxd4 Rxd4 25. Qc3 Qe7 26. b4 h5 27. Rac1 g5 28. Nb3 Rd6
29. Na5 Bd7 30. Qc5 Bf8 31. Nb7 Rd4 32. Qxe7+ Bxe7 33. a3 Kg6 34. Nc5 Bc8 35.
Rfd1 Rd8 36. Nb3 Rd6 37. Na5 Bd7 38. Nbc4 Re6 39. Bc2 Be8 40. Bb3 Nc8 41. Ne3
Rf6 42. Nf5 Bf8 43. Ba4 Nb6 44. Bxc6 Bxc6 45. Nxc6 Re6 46. Na5 g4 47. Kf2 Kg5
48. Rc7 a6 49. Nb7 Rf6 50. Nd8 Kg6 51. Nc6 Re6 52. Nxe5+ Rxe5 53. Rc6+ Kh7 54.
Rxb6 a5 55. Rd7+ Kh8 56. Nh4 axb4 57. axb4 Kg8 58. Rbb7 Rg5 59. Ke2 Bg7 60. Rd2
Ra3 61. Rd8+ Kh7 62. Rd5 gxf3+ 63. gxf3 Ra2+ 64. Kd3 Rg1 65. Rxh5+ Kg8 66. Rb8+
Kf7 67. Kc4 Ra7 68. Rc5 Rc1+ 69. Kb5 Rca1 70. Rf5+ Ke7 71. Ng6+ Kd7 72. Rf7+ Ke6
73. Rxa7 Rxa7 74. Nxf4+ Kd7 75. Nd5 Be5 76. Rf8 Ra1 77. f4 Bd6 78. Rg8 Rh1 79.
e5 1-0

[Event "TCh-RUS Women 2015"]
[Site "Sochi RUS"]
[Date "2015.05.05"]
[Round "5.5"]
[Board "3"]
[White "Yakimenko, Anastasia"]
[Black "Khazieva, Elza"]
[Result "0-1"]
[BlackTitle "WFM"]
[WhiteElo "2080"]
[BlackElo "2074"]
[WhiteTeam "Kuban (Krasnodar region)"]
[BlackTeam "Rook (Kazan)"]
[WhiteFideId "24174980"]
[BlackFideId "4100166"]
[EventDate "2015.05.01"]

1. e4 c5 2. Nf3 e6 3. c4 Nc6 4. d4 cxd4 5. Nxd4 Nf6 6. Nc3 Bb4 7. Nxc6 bxc6 8.
Bd3 e5 9. O-O O-O 10. Bg5 h6 11. Bh4 Bc5 12. a3 Bd4 13. Ne2 Bb6 14. Kh1 d6 15.
Qc1 g5 16. Bg3 Nh5 17. b4 Qe7 18. Ra2 Be6 19. Rc2 Nf4 20. Bxf4 exf4 21. c5 dxc5
22. bxc5 Bc7 23. Nd4 Bd7 24. f3 Qf6 25. Rd1 Be5 26. Nb3 h5 27. Na5 Bc8 28. Nc4
Bd4 29. e5 Bxe5 30. Nxe5 Qxe5 31. Be4 Bf5 32. Re2 Rad8 33. Rde1 Bxe4 34. Rxe4
Qf6 35. Qc2 Rd5 36. Re7 a6 37. Ra7 Qd4 38. Rc1 Rb8 39. Qe2 Rxc5 40. Rg1 Qe3 41.
Qa2 Rf8 42. Qa1 a5 43. Re1 Qd2 44. Rd1 Qc2 45. Qb1 Qxb1 46. Rxb1 Rd8 47. h3 Rd3
48. Rb8+ Kg7 49. Rbb7 Rf5 50. Rc7 Rc3 51. Ra6 Rxa3 52. Raxc6 Ra1+ 53. Rc1 Rxc1+
54. Rxc1 a4 55. Ra1 Ra5 56. Ra3 Kf6 57. Kg1 Ke5 58. Kf2 Kd4 59. Ke2 Kc4 60. Kd2
Kb4 61. Ra1 a3 62. Rb1+ Kc4 63. Rc1+ Kd4 64. Re1 a2 65. Ra1 Ra6 0-1

[Event "TCh-RUS Women 2015"]
[Site "Sochi RUS"]
[Date "2015.05.05"]
[Round "5.5"]
[Board "4"]
[White "Belova, Olga"]
[Black "Demchenko, Alisa"]
[Result "1-0"]
[WhiteTitle "WFM"]
[WhiteElo "2013"]
[BlackElo "1705"]
[WhiteTeam "Rook (Kazan)"]
[BlackTeam "Kuban (Krasnodar region)"]
[WhiteFideId "4138422"]
[BlackFideId "34100080"]
[EventDate "2015.05.01"]

1. e4 c6 2. Nc3 d5 3. Nf3 Bg4 4. h3 Bxf3 5. Qxf3 d4 6. Nb1 e6 7. g3 Nd7 8. d3 g6
9. Bg2 Bg7 10. O-O Ne7 11. Qe2 O-O 12. f4 Re8 13. Nd2 Qc7 14. Nf3 b5 15. Bd2 Nb6
16. Qf2 Rad8 17. Nh4 f5 18. Rae1 c5 19. Nf3 Nd7 20. Ng5 Nf8 21. g4 h6 22. Nf3
Nd7 23. Qh4 fxe4 24. Rxe4 Nc6 25. Rfe1 e5 26. g5 h5 27. Qg3 Qb8 28. fxe5 Ncxe5
29. Bf4 Nxf3+ 30. Bxf3 Qc8 31. Re6 Nf8 32. Re7 Rxe7 33. Rxe7 Rd7 34. Re2 Qd8 35.
Bc6 Re7 36. Rxe7 Qxe7 37. Bxb5 Qb7 38. Bc4+ Kh8 39. Bb3 Nd7 40. Qg2 Qxg2+ 41.
Kxg2 Ne5 42. Bd5 Kh7 43. Kf2 Nd7 44. Kf3 Nb6 45. Bb3 Bf8 46. Ke4 Kg7 47. Be5+
Kh7 48. Bf4 Be7 49. Ke5 Kg7 50. Ke6 Bd8 51. h4 Na8 52. Be5+ Kh7 53. Kd7 Ba5 54.
Ke7 Bc7 55. Bf6 Nb6 56. Be6 Na4 57. Kf7 Nxb2 58. Bf5 gxf5 59. g6+ Kh6 60. Bg5# 1-0

[Event "TCh-RUS Women 2015"]
[Site "Sochi RUS"]
[Date "2015.05.06"]
[Round "6.1"]
[Board "1"]
[White "Ushenina, Anna"]
[Black "Bivol, Alina"]
[Result "1/2-1/2"]
[WhiteTitle "GM"]
[BlackTitle "WIM"]
[WhiteElo "2486"]
[BlackElo "2350"]
[WhiteTeam "Yugra (Khanty)"]
[BlackTeam "Boavista (Moscow)"]
[WhiteFideId "14110911"]
[BlackFideId "4100123"]
[EventDate "2015.05.01"]

1. c4 Nf6 2. Nf3 g6 3. Nc3 Bg7 4. d4 d6 5. g3 O-O 6. Bg2 Nc6 7. O-O Rb8 8. Bg5
h6 9. Bd2 e5 10. d5 Ne7 11. e4 Ne8 12. Be3 a6 13. Nh4 g5 14. Nf3 f5 15. exf5
Nxf5 16. Nd2 b5 17. cxb5 axb5 18. b4 Nf6 19. Nb3 Bd7 20. Rc1 Qe8 21. Ne4 Rc8 22.
Qd3 Ng4 23. h3 Ngxe3 24. fxe3 Qg6 25. Nf2 Qe8 26. Ne4 Qg6 27. Nf2 Qe8 28. Ne4
Qg6 29. Nf2 Qe8 30. Ne4 Qg6 31. Nf2 1/2-1/2

[Event "TCh-RUS Women 2015"]
[Site "Sochi RUS"]
[Date "2015.05.06"]
[Round "6.1"]
[Board "2"]
[White "Vasilevich, Irina"]
[Black "Pogonina, Natalija"]
[Result "1/2-1/2"]
[WhiteTitle "IM"]
[BlackTitle "WGM"]
[WhiteElo "2316"]
[BlackElo "2456"]
[WhiteTeam "Boavista (Moscow)"]
[BlackTeam "Yugra (Khanty)"]
[WhiteFideId "4141296"]
[BlackFideId "4147855"]
[EventDate "2015.05.01"]

1. e4 e5 2. Nf3 Nc6 3. Bc4 Bc5 4. c3 Nf6 5. d4 exd4 6. cxd4 Bb4+ 7. Nbd2 d5 8.
exd5 Nxd5 9. O-O O-O 10. a3 Bxd2 11. Qxd2 Qd6 12. Re1 h6 13. Qd3 Be6 14. Bd2
Rfe8 15. b4 a6 16. b5 axb5 17. Bxb5 Nde7 18. a4 Red8 19. Rac1 Rac8 20. Bc3 Nb4
21. Qb1 Na2 22. Rc2 Nxc3 23. Rxc3 Nd5 24. Rcc1 Nf4 25. Bc4 Rb8 26. Qe4 c6 27. g3
Nd5 28. Qb1 Nc7 29. Bd3 Bd5 30. Bh7+ Kh8 31. Be4 Ne6 32. Rcd1 Bxe4 33. Qxe4 Kg8
34. Rd2 Qb4 35. Qe5 Qxa4 36. d5 cxd5 37. Rxd5 Qb3 38. Rxd8+ Rxd8 39. Nh4 Nd4 40.
Qc7 Qd5 41. Re5 Qd7 42. Qxd7 Rxd7 43. Re8+ Kh7 44. Kg2 b5 45. Rb8 Rd5 46. Nf3
Nc2 47. h4 b4 48. g4 g6 49. Rb7 Kg8 50. Kg3 Rc5 51. g5 hxg5 52. hxg5 Rc3 53. Kf4
Rc4+ 54. Kg3 Re4 55. Nd2 Re5 56. Nf3 Rf5 57. Rb8+ Kg7 58. Kg4 f6 59. Rb7+ Kf8
60. gxf6 Rxf6 61. Ne5 Rxf2 62. Nxg6+ Ke8 63. Ne5 Rd2 64. Kf4 Kd8 65. Nc6+ Kc8
66. Ra7 b3 67. Ne7+ Kd8 68. Nc6+ Ke8 69. Re7+ Kf8 70. Rb7 Na1 71. Na5 b2 72. Nc4
Rd4+ 73. Ke5 Rxc4 74. Rxb2 Nc2 75. Rb7 Ne3 76. Ra7 Ng4+ 77. Kd5 Rb4 78. Ke6 Rb6+
79. Kf5 Nh6+ 80. Ke5 Nf7+ 81. Kd5 Kg7 82. Kc5 Re6 83. Rb7 Re5+ 84. Kd4 Ra5 85.
Ke4 1/2-1/2

[Event "TCh-RUS Women 2015"]
[Site "Sochi RUS"]
[Date "2015.05.06"]
[Round "6.1"]
[Board "3"]
[White "Mkrtchian, Lilit"]
[Black "Tomilova, Elena"]
[Result "1-0"]
[WhiteTitle "IM"]
[BlackTitle "WIM"]
[WhiteElo "2443"]
[BlackElo "2292"]
[WhiteTeam "Yugra (Khanty)"]
[BlackTeam "Boavista (Moscow)"]
[WhiteFideId "13300601"]
[BlackFideId "4162340"]
[EventDate "2015.05.01"]

1. d4 Nf6 2. c4 g6 3. Nc3 Bg7 4. e4 d6 5. h3 O-O 6. Bg5 c6 7. Nge2 a6 8. a4 a5
9. g4 e5 10. d5 h6 11. Be3 cxd5 12. cxd5 Nfd7 13. Ng3 Na6 14. h4 Ndc5 15. h5 g5
16. Bb5 Bf6 17. O-O Qc7 18. Rc1 Bd8 19. Nf5 Bxf5 20. exf5 Qe7 21. Bxa6 Nxa6 22.
Ne4 f6 23. Qb3 Qd7 24. Rfd1 Kg7 25. Qb5 Rf7 26. Rc4 Nb4 27. Kg2 Re7 28. Kf3 Rf7
29. Qxd7 Rxd7 30. Nc3 Nc2 31. Rc1 Nxe3 32. fxe3 Bb6 33. Ne4 Rad8 34. R1c3 Rf8
35. Rb3 Bd8 36. Rb5 Re8 37. Rc8 Rf8 38. Ke2 Kg8 39. Kd3 Kg7 40. Nd2 Re8 41. Ke4
Rf8 42. Nc4 Kg8 43. b3 Kg7 44. Nxa5 Bxa5 45. Rxf8 Kxf8 46. Rxa5 Rc7 47. Rb5 Ke7
48. Rb6 Rd7 49. Kd3 Kd8 50. a5 Kc7 51. Rb4 Rd8 52. Rc4+ Kd7 53. Kc3 Re8 54. Kb4
Re7 55. Kb5 e4 56. Kb6 Kd8 57. b4 Re5 58. Kxb7 Rxd5 59. a6 Rb5+ 60. Kc6 1-0

[Event "TCh-RUS Women 2015"]
[Site "Sochi RUS"]
[Date "2015.05.06"]
[Round "6.1"]
[Board "4"]
[White "Drozdova, Dina"]
[Black "Guseva, Marina"]
[Result "0-1"]
[WhiteTitle "WIM"]
[BlackTitle "IM"]
[WhiteElo "2211"]
[BlackElo "2379"]
[WhiteTeam "Boavista (Moscow)"]
[BlackTeam "Yugra (Khanty)"]
[WhiteFideId "4170695"]
[BlackFideId "4149351"]
[EventDate "2015.05.01"]

1. d4 d5 2. c4 c6 3. cxd5 cxd5 4. Nc3 Nf6 5. Bf4 Nc6 6. e3 Bg4 7. Qb3 Na5 8.
Qa4+ Bd7 9. Qc2 e6 10. Bd3 Nc6 11. Qe2 Be7 12. Nf3 O-O 13. Ne5 Be8 14. O-O Nxe5
15. Bxe5 Rc8 16. Rac1 a6 17. Rfd1 Bc6 18. Qc2 h6 19. Qe2 Nd7 20. Bf4 Bg5 21. Bg3
Re8 22. Bb1 Be7 23. Qd3 g6 24. Qe2 Bf8 25. Bc2 Nb6 26. Bb3 Nc4 27. h3 b5 28. a4
Qd7 29. axb5 axb5 30. Re1 b4 31. Nb1 Bb5 32. Bxc4 dxc4 33. Qf3 Qd5 34. Qf4 Bg7
35. Red1 Bc6 36. f3 Ba4 37. Rd2 Qa5 38. Be1 Qb6 39. Re2 Bb3 40. Nd2 Ba2 41. Ne4
e5 42. dxe5 Rxe5 43. Rd1 g5 44. Qg3 f5 45. Rd6 Rc6 46. Rd7 Rce6 47. Nxg5 hxg5
48. Qxg5 Rg6 49. Qf4 Qb5 50. Rd8+ Kh7 51. Red2 c3 52. bxc3 bxc3 53. Rxa2 Qb1 54.
Qh4+ Rh6 55. Qc4 Qxe1+ 56. Kh2 Ree6 57. Re2 Qh4 58. Qc7 Qe7 59. Qc8 Rhg6 60. Rd5
Qg5 61. Qc5 Qg3+ 62. Kg1 Ra6 63. Rd1 Qxf3 64. Rde1 Rac6 65. Qb4 Qxh3 66. Rf2 Qg4
67. Qb3 Rcd6 68. Qc2 Qe4 69. Qe2 Rg4 70. Qb5 Rd2 71. Qf1 Bh6 72. Rf3 c2 0-1

[Event "TCh-RUS Women 2015"]
[Site "Sochi RUS"]
[Date "2015.05.06"]
[Round "6.2"]
[Board "1"]
[White "Ambartsumova, Karina"]
[Black "Bodnaruk, Anastasia"]
[Result "1/2-1/2"]
[WhiteTitle "WGM"]
[BlackTitle "IM"]
[WhiteElo "2346"]
[BlackElo "2382"]
[WhiteTeam "Rook (Kazan)"]
[BlackTeam "SDYUSSHOR Hilti (St. Petersburg)"]
[WhiteFideId "4166299"]
[BlackFideId "4181751"]
[EventDate "2015.05.01"]

1. e4 c5 2. Nf3 d6 3. d4 cxd4 4. Nxd4 Nf6 5. Nc3 a6 6. Be3 e5 7. Nf3 Be6 8. Ng5
Nc6 9. Nxe6 fxe6 10. Bc4 Qd7 11. a3 b5 12. Ba2 Be7 13. O-O O-O 14. Qe2 Kh8 15.
Rad1 Bd8 16. Kh1 Bc7 17. f4 exf4 18. Bxf4 Qe7 19. a4 b4 20. Nb1 Ne5 21. Nd2 Nfd7
22. Nc4 a5 23. Nxe5 Nxe5 24. Qh5 Qf6 25. Qe2 Rae8 26. Qb5 Qe7 27. Bxe5 dxe5 28.
Qc6 Rxf1+ 29. Rxf1 Bd6 30. h3 g6 31. Rd1 Rd8 32. Qc4 Bc7 33. Rxd8+ Bxd8 34. Qxe6
Qxe6 35. Bxe6 Bb6 36. c3 bxc3 37. bxc3 Be3 38. g4 Bd2 39. c4 Be3 40. Kg2 g5 41.
Kf3 Bc5 42. Ke2 Kg7 1/2-1/2

[Event "TCh-RUS Women 2015"]
[Site "Sochi RUS"]
[Date "2015.05.06"]
[Round "6.2"]
[Board "2"]
[White "Ovod, Evgenija"]
[Black "Markelova, Lubov"]
[Result "1-0"]
[WhiteTitle "IM"]
[BlackTitle "WFM"]
[WhiteElo "2325"]
[BlackElo "2089"]
[WhiteTeam "SDYUSSHOR Hilti (St. Petersburg)"]
[BlackTeam "Rook (Kazan)"]
[WhiteFideId "4131827"]
[BlackFideId "24131369"]
[EventDate "2015.05.01"]

1. d4 d5 2. c4 e6 3. Nf3 Nf6 4. Nc3 Be7 5. Bg5 h6 6. Bh4 O-O 7. e3 Ne4 8. Bxe7
Qxe7 9. cxd5 Nxc3 10. bxc3 exd5 11. Qb3 Rd8 12. Bd3 b6 13. O-O Bb7 14. a4 Nc6
15. a5 Rab8 16. a6 Ba8 17. Bb1 g6 18. h4 h5 19. Re1 Na5 20. Qa2 c5 21. Ng5 cxd4
22. cxd4 Rbc8 23. Bd3 Rc3 24. Qe2 Rdc8 25. g4 Nb3 26. gxh5 Nc1 27. Raxc1 Rxc1
28. hxg6 Rxe1+ 29. Qxe1 f6 30. Bf5 Rc6 31. Nf7 b5 32. Qe2 Rc1+ 33. Kg2 Qf8 34.
h5 Bc6 35. h6 Be8 36. h7+ Kg7 37. h8=Q+ 1-0

[Event "TCh-RUS Women 2015"]
[Site "Sochi RUS"]
[Date "2015.05.06"]
[Round "6.2"]
[Board "3"]
[White "Khazieva, Elza"]
[Black "Belenkaya, Dina"]
[Result "1/2-1/2"]
[WhiteTitle "WFM"]
[BlackTitle "WFM"]
[WhiteElo "2074"]
[BlackElo "2259"]
[WhiteTeam "Rook (Kazan)"]
[BlackTeam "SDYUSSHOR Hilti (St. Petersburg)"]
[WhiteFideId "4100166"]
[BlackFideId "24142654"]
[EventDate "2015.05.01"]

1. e4 c6 2. d4 d5 3. e5 c5 4. dxc5 Nc6 5. a3 e6 6. Nf3 Bxc5 7. b4 Bb6 8. Bb2
Nge7 9. Bd3 Ng6 10. g3 O-O 11. b5 Na5 12. Nbd2 Qc7 13. Qe2 Bd7 14. h4 Rfc8 15.
h5 Nf8 16. a4 Be8 17. Kf1 a6 18. Kg2 Nc4 19. Bxc4 dxc4 20. Ne4 Bc5 21. h6 g6 22.
Nf6+ Kh8 23. Qd2 axb5 24. Qf4 Qe7 25. axb5 Bxb5 26. Ng5 Bc6+ 27. f3 b5 28. Nfe4
Bxe4 29. Nxe4 Rxa1 30. Rxa1 b4 31. Nxc5 Rxc5 32. Ra7 g5 33. Rxe7 gxf4 34. Re8
Kg8 35. Bc1 Rxe5 36. Bxf4 Rd5 37. Rb8 e5 38. Bg5 f6 39. Bxf6 Kf7 40. Bg7 Nd7 41.
Rxb4 Rd2+ 42. Kh3 Rxc2 43. Kg4 Ke6 1/2-1/2

[Event "TCh-RUS Women 2015"]
[Site "Sochi RUS"]
[Date "2015.05.06"]
[Round "6.2"]
[Board "4"]
[White "Balaian, Alina"]
[Black "Belova, Olga"]
[Result "1-0"]
[WhiteTitle "WIM"]
[BlackTitle "WFM"]
[WhiteElo "2214"]
[BlackElo "2013"]
[WhiteTeam "SDYUSSHOR Hilti (St. Petersburg)"]
[BlackTeam "Rook (Kazan)"]
[WhiteFideId "24115347"]
[BlackFideId "4138422"]
[EventDate "2015.05.01"]

1. e4 e5 2. Nf3 Nc6 3. d4 exd4 4. Nxd4 Bb4+ 5. c3 Bc5 6. Be3 Bb6 7. Nf5 Bxe3 8.
Nxe3 Nge7 9. Be2 d6 10. O-O O-O 11. f4 f5 12. Bf3 Kh8 13. Na3 Be6 14. Qd3 Qe8
15. Nb5 Rc8 16. Nd4 Nxd4 17. cxd4 fxe4 18. Qxe4 Nf5 19. Rfe1 c6 20. Nxf5 Bxf5
21. Qe7 Qd7 22. Qxd7 Bxd7 23. Re7 Rcd8 24. Rae1 Kg8 25. g3 Rde8 26. Kf2 Rxe7 27.
Rxe7 Rf7 28. Re3 Kf8 29. b4 a6 30. Rc3 d5 31. a4 Ke7 32. b5 axb5 33. axb5 Kd6
34. bxc6 Bxc6 35. Ke3 b5 36. Rb3 Ra7 37. Be2 Kc7 38. f5 Kb6 39. g4 Re7+ 40. Kf3
Ka5 41. Bd3 b4 42. g5 Ba4 43. Rb1 b3 44. Kf4 Kb4 45. f6 gxf6 46. gxf6 Rf7 47.
Ke5 Kc3 48. Bf5 b2 49. Rg1 Be8 50. Rg8 Bd7 51. Bb1 Kd2 52. Rg7 Be8 53. Ke6 Kc1
54. Bxh7 Rf8 55. f7 Bxf7+ 56. Rxf7 Rh8 57. Rc7+ Kd1 58. Bc2+ Kd2 59. Bb1 1-0

[Event "TCh-RUS Women 2015"]
[Site "Sochi RUS"]
[Date "2015.05.06"]
[Round "6.3"]
[Board "1"]
[White "Utiatskaja, Irina"]
[Black "Kosteniuk, Alexandra"]
[Result "0-1"]
[WhiteTitle "WFM"]
[BlackTitle "GM"]
[WhiteElo "2114"]
[BlackElo "2529"]
[WhiteTeam "Academy GM IV Glek (Moscow)"]
[BlackTeam "SHSM-Our Heritage (Moscow)"]
[WhiteFideId "24140848"]
[BlackFideId "4128125"]
[EventDate "2015.05.01"]

1. e4 c6 2. d4 d5 3. Nd2 dxe4 4. Nxe4 Bf5 5. Ng3 Bg6 6. h4 h6 7. Nh3 e6 8. Nf4
Bh7 9. Bc4 Nd7 10. a3 Qa5+ 11. Bd2 Qb6 12. c3 Ngf6 13. O-O O-O-O 14. Nd3 Bd6 15.
a4 Qc7 16. f4 Nb6 17. Qb3 Nxc4 18. Qxc4 g5 19. fxg5 Ne4 20. Nxe4 Bxe4 21. Ne5
Bxe5 22. dxe5 Qb6+ 23. Kh2 Rxd2 24. Qxe4 hxg5 25. a5 Qxb2 26. Rab1 Qxc3 27. Rfc1
Qxc1 28. Rxc1 Rxh4+ 29. Qxh4 gxh4 30. a6 Rd5 0-1

[Event "TCh-RUS Women 2015"]
[Site "Sochi RUS"]
[Date "2015.05.06"]
[Round "6.3"]
[Board "2"]
[White "Gunina, Valentina"]
[Black "Alieva, Alexandra"]
[Result "1-0"]
[WhiteTitle "GM"]
[WhiteElo "2528"]
[BlackElo "1994"]
[WhiteTeam "SHSM-Our Heritage (Moscow)"]
[BlackTeam "Academy GM IV Glek (Moscow)"]
[WhiteFideId "4167570"]
[BlackFideId "24133353"]
[EventDate "2015.05.01"]

1. d4 d5 2. c4 e6 3. Nc3 c6 4. e4 dxe4 5. Nxe4 Bb4+ 6. Bd2 Qxd4 7. Bxb4 Qxe4+ 8.
Be2 Na6 9. Bf8 Ne7 10. Bxg7 Qxg2 11. Bf6 Bd7 12. Bf3 Qg8 13. Qd6 Nf5 14. Qe5 Qg6
15. Bxh8 Nb4 16. Rd1 O-O-O 17. Bf6 Rg8 18. Be4 1-0

[Event "TCh-RUS Women 2015"]
[Site "Sochi RUS"]
[Date "2015.05.06"]
[Round "6.3"]
[Board "3"]
[White "Leolko, Ludmila"]
[Black "Girya, Olga"]
[Result "0-1"]
[BlackTitle "WGM"]
[WhiteElo "1902"]
[BlackElo "2459"]
[WhiteTeam "Academy GM IV Glek (Moscow)"]
[BlackTeam "SHSM-Our Heritage (Moscow)"]
[WhiteFideId "24179060"]
[BlackFideId "4195752"]
[EventDate "2015.05.01"]

1. e4 c5 2. Nf3 e6 3. d4 cxd4 4. Nxd4 Nc6 5. c4 Nf6 6. Nc3 Bb4 7. Nxc6 bxc6 8.
Qd3 O-O 9. Bd2 d5 10. cxd5 exd5 11. O-O-O Bxc3 12. Bxc3 Nxe4 13. Qd4 Nxc3 14.
Qxc3 Qb6 15. Qc2 Rb8 16. Bd3 h6 17. Rhe1 c5 18. Re5 Be6 19. Bf5 c4 20. Kb1 Bxf5
21. Rxf5 d4 22. Rf4 Rfd8 23. Ka1 Rd5 24. Rd2 c3 25. bxc3 Rb5 26. a3 d3 0-1